[Event "Lindores Abbey Tal Blitz 2021"]
[Site "Riga"]
[Date "2021.11.08"]
[Round "2.32"]
[White "Muzychuk, Mariya"]
[Black "Paravyan, David"]
[Result "0-1"]
[WhiteElo "2536"]
[BlackElo "2642"]
[Annotator "ChessBase"]
[PlyCount "44"]
[EventDate "2021.11.02"]
[EventType "swiss"]
[EventCountry "LAT"]
[SourceTitle "playchess.com"]
[Source "ChessBase"]
[SourceQuality "1"]

1. e4 e5 2. Nf3 Nc6 3. Bb5 f5 4. d3 fxe4 5. dxe4 Nf6 6. Nc3 Bb4 7. Bd2 O-O 8.
Qe2 Kh8 9. Bxc6 bxc6 10. Nxe5 Qe8 11. Nd3 Bxc3 12. Bxc3 Nxe4 13. Bd4 Ba6 14.
O-O-O c5 15. Be3 Rb8 16. Rhe1 d5 17. f3 c4 18. fxe4 cxd3 19. cxd3 dxe4 20. Bxa7
Bxd3 21. Qe3 Qa4 22. Qc5 Ra8 0-1

[Event "Lindores Abbey Tal Blitz 2021"]
[Site "Riga"]
[Date "2021.11.08"]
[Round "2.33"]
[White "Dreev, Aleksey"]
[Black "Shuvalova, Polina"]
[Result "1/2-1/2"]
[WhiteElo "2635"]
[BlackElo "2515"]
[Annotator "ChessBase"]
[PlyCount "148"]
[EventDate "2021.11.02"]
[EventType "swiss"]
[EventCountry "LAT"]
[SourceTitle "playchess.com"]
[Source "ChessBase"]
[SourceQuality "1"]

1. d4 Nf6 2. Nf3 e6 3. Bg5 h6 4. Bh4 c5 5. e3 Nc6 6. c3 b6 7. Nbd2 Bb7 8. a3 d6
9. Bd3 g5 10. Bg3 Nh5 11. Qa4 a6 12. Qb3 Nxg3 13. hxg3 d5 14. dxc5 Bxc5 15. g4
Qf6 16. Nd4 Ne5 17. Be2 Ke7 18. Qc2 Rac8 19. a4 Ng6 20. N2f3 Rc7 21. Qd2 Bc8
22. Bd3 Bb7 23. Qe2 a5 24. Qc2 Rcc8 25. Qd2 Rc7 26. Rd1 Rcc8 27. Bb1 Ne5 28.
Nxe5 Qxe5 29. Nf3 Qf6 30. Bd3 Bd6 31. Qe2 e5 32. e4 Kf8 33. exd5 Bxd5 34. Bf5
Bb7 35. Bxc8 Bxc8 36. Qe4 Kg7 37. O-O h5 38. Qe3 Be7 39. Qxe5 hxg4 40. Qxf6+
Bxf6 41. Nd4 Be5 42. Rfe1 f6 43. Nc6 Bh2+ 44. Kf1 Ba6+ 45. Re2 Bf4 46. Rd7+ Kg6
47. Ne7+ Kf7 48. Nf5+ Kg6 49. Ng3 Bxg3 50. fxg3 Re8 51. Rdd2 Re5 52. Kf2 Rf5+
53. Ke1 Bxe2 54. Rxe2 Rc5 55. Kd2 Rc6 56. Kd3 f5 57. Re5 Kf6 58. Rb5 Rd6+ 59.
Ke3 Re6+ 60. Kf2 Rd6 61. Ke2 Re6+ 62. Kd3 Rd6+ 63. Ke3 Re6+ 64. Kf2 Rd6 65. b4
axb4 66. cxb4 f4 67. gxf4 gxf4 68. a5 bxa5 69. bxa5 Rd2+ 70. Kf1 Ra2 71. g3
Ra1+ 72. Kf2 Ra2+ 73. Kf1 fxg3 74. Kg1 Kg6 1/2-1/2

[Event "Lindores Abbey Tal Blitz 2021"]
[Site "Riga"]
[Date "2021.11.08"]
[Round "2.34"]
[White "Javakhishvili, Lela"]
[Black "Movsesian, Sergei"]
[Result "1-0"]
[WhiteElo "2446"]
[BlackElo "2618"]
[Annotator "ChessBase"]
[PlyCount "135"]
[EventDate "2021.11.02"]
[EventType "swiss"]
[EventCountry "LAT"]
[SourceTitle "playchess.com"]
[Source "ChessBase"]
[SourceQuality "1"]

1. d4 Nf6 2. c4 c6 3. Nf3 d5 4. e3 Bg4 5. Nc3 e6 6. h3 Bh5 7. Be2 Nbd7 8. O-O
Bd6 9. b3 O-O 10. Bb2 a6 11. Qc2 Qe7 12. e4 dxe4 13. Nxe4 Nxe4 14. Qxe4 Bg6 15.
Qe3 Ba3 16. Bxa3 Qxa3 17. Nh4 Rad8 18. Nxg6 hxg6 19. Rfd1 Nf6 20. Rd2 Rd7 21.
Rad1 Rfd8 22. Bf3 a5 23. h4 a4 24. g3 axb3 25. axb3 Qb4 26. Kg2 Ra8 27. g4 Rad8
28. Rd3 Ne8 29. d5 exd5 30. cxd5 c5 31. Rc3 b6 32. Rc4 Qa5 33. Ra4 Qb5 34. Be2
c4 35. Bxc4 Qc5 36. Qxc5 bxc5 37. Ra5 Rc7 38. Rda1 Nd6 39. Ra8 Rcc8 40. Rxc8
Rxc8 41. Ra6 Ne4 42. Rc6 Re8 43. f3 Nd2 44. Rxc5 Kf8 45. d6 Rd8 46. Rc7 Nxc4
47. bxc4 Rxd6 48. c5 Rd2+ 49. Kg3 Rc2 50. c6 Kg8 51. Kf4 Rc3 52. Rc8+ Kh7 53.
Ke4 f6 54. Kd4 Rc1 55. Kd5 Rc3 56. Re8 g5 57. h5 g6 58. Kd6 Rd3+ 59. Ke7 Rc3
60. Kd7 Rd3+ 61. Kc8 gxh5 62. gxh5 Rxf3 63. c7 Rc3 64. Kd7 g4 65. c8=Q Rxc8 66.
Rxc8 Kh6 67. Ke6 Kxh5 68. Kf5 1-0

[Event "Lindores Abbey Tal Blitz 2021"]
[Site "Riga"]
[Date "2021.11.08"]
[Round "2.35"]
[White "Adhiban, B.."]
[Black "Kuybokarov, Temur"]
[Result "0-1"]
[WhiteElo "2672"]
[BlackElo "2549"]
[Annotator "ChessBase"]
[PlyCount "114"]
[EventDate "2021.11.02"]
[EventType "swiss"]
[EventCountry "LAT"]
[SourceTitle "playchess.com"]
[Source "ChessBase"]
[SourceQuality "1"]

1. b3 d5 2. Bb2 Bf5 3. d3 Nf6 4. Nd2 c5 5. e4 dxe4 6. dxe4 Nxe4 7. Bd3 Nd6 8.
Bxf5 Nxf5 9. Qf3 Qc8 10. Ne2 Nc6 11. O-O-O e6 12. Ne4 Ncd4 13. Nxd4 Nxd4 14.
Bxd4 cxd4 15. Rxd4 Be7 16. Nd6+ Bxd6 17. Rxd6 O-O 18. Rhd1 Qc5 19. Qe3 Qa3+ 20.
Kb1 a5 21. Rb6 Qe7 22. a4 Rfc8 23. Qe4 Rc7 24. Rbd6 h6 25. Qd3 Rf8 26. g3 Rcc8
27. h4 Qf6 28. Qd4 Qf5 29. Rd3 e5 30. Qd5 Qxf2 31. Rd2 Qe1+ 32. Ka2 Qc1 33. c4
Qe1 34. Qxa5 e4 35. Qc3 e3 36. Rc2 Qxg3 37. Rd3 Rce8 38. Re2 Qxh4 39. Rg2 f6
40. Re2 Qh5 41. Rexe3 Qh2+ 42. Ka3 Qg1 43. Rg3 Qc5+ 44. b4 Qc7 45. c5 Re4 46.
Rd6 Rfe8 47. Qb3+ Kh8 48. Qd5 Qe7 49. Rd7 Re3+ 50. Rxe3 Qxe3+ 51. Qb3 Qf2 52.
Rd3 Re1 53. Rd8+ Kh7 54. Qg8+ Kg6 55. Qc4 Ra1+ 56. Kb3 Qa2+ 57. Kc3 Rc1+ 0-1

[Event "Lindores Abbey Tal Blitz 2021"]
[Site "Riga"]
[Date "2021.11.08"]
[Round "2.36"]
[White "Sukandar, Irine Kharisma"]
[Black "Kovalenko, Igor"]
[Result "0-1"]
[WhiteElo "2406"]
[BlackElo "2668"]
[Annotator "ChessBase"]
[PlyCount "74"]
[EventDate "2021.11.02"]
[EventType "swiss"]
[EventCountry "LAT"]
[SourceTitle "playchess.com"]
[Source "ChessBase"]
[SourceQuality "1"]

1. d4 Nf6 2. Bf4 d6 3. Nc3 Nbd7 4. e4 e5 5. dxe5 dxe5 6. Bg3 Bb4 7. Bd3 Bxc3+
8. bxc3 Qe7 9. Nf3 O-O 10. O-O Ne8 11. Bc4 Nd6 12. Qe2 Kh8 13. Rfd1 f6 14. Bb3
Nc5 15. Bd5 Rb8 16. Nh4 Qe8 17. Qe3 b6 18. a4 Bg4 19. f3 Bd7 20. a5 g5 21. axb6
axb6 22. Nf5 Bxf5 23. exf5 Nxf5 24. Qe2 Nxg3 25. hxg3 Rd8 26. Ra7 Qe7 27. c4
Rd7 28. Bc6 Rxd1+ 29. Qxd1 Rd8 30. Qe2 Kg7 31. Bd5 f5 32. f4 Rd7 33. Ra8 exf4
34. Rg8+ Kf6 35. Qh5 Qe1+ 36. Kh2 fxg3+ 37. Kh3 Qh1+ 0-1

[Event "Lindores Abbey Tal Blitz 2021"]
[Site "Riga"]
[Date "2021.11.08"]
[Round "2.37"]
[White "Kryvoruchko, Yuriy"]
[Black "Lujan, Carolina"]
[Result "1-0"]
[WhiteElo "2681"]
[BlackElo "2340"]
[Annotator "TA"]
[PlyCount "91"]
[EventDate "2021.11.02"]
[EventType "swiss"]
[EventCountry "LAT"]
[SourceTitle "playchess.com"]
[Source "ChessBase"]
[SourceQuality "1"]

1. e4 c5 2. Nf3 Nc6 3. Bb5 e6 4. O-O Nge7 5. Re1 Ng6 6. c3 d5 7. exd5 Qxd5 8.
d4 cxd4 9. Nxd4 Bd7 10. Be2 Be7 11. Bf3 Qa5 12. Nd2 Nxd4 13. cxd4 Qc7 14. d5
exd5 15. Bxd5 O-O 16. Nf3 Rad8 17. Qb3 Bc6 18. Bxc6 bxc6 19. Be3 Bd6 20. Rac1
Rc8 21. Qa4 Bf4 22. Bxf4 Nxf4 23. Ne5 Nd5 24. Nxc6 Kh8 25. g3 Nb6 26. Qxa7 Qxa7
27. Nxa7 Ra8 28. Rc7 Nd5 29. Rd7 Nb4 30. a3 Nd3 31. Rxd3 Rxa7 32. b4 Rfa8 33.
Rb3 g6 34. Ree3 Kg7 35. b5 Ra4 36. Rec3 h5 37. h4 Kf6 38. b6 Rb8 39. b7 Ra7 40.
Rc6+ Ke5 41. Rc7 f5 42. Rb6 f4 43. gxf4+ Kxf4 44. Kg2 Kg4 45. Rb5 Kf4 46. Rc4#
1-0

[Event "Lindores Abbey Tal Blitz 2021"]
[Site "Riga"]
[Date "2021.11.08"]
[Round "2.39"]
[White "Vokhidov, Shamsiddin"]
[Black "Munguntuul, Batkhuyag"]
[Result "1-0"]
[WhiteElo "2521"]
[BlackElo "2433"]
[Annotator "ChessBase"]
[PlyCount "77"]
[EventDate "2021.11.02"]
[EventType "swiss"]
[EventCountry "LAT"]
[SourceTitle "playchess.com"]
[Source "ChessBase"]
[SourceQuality "1"]

1. e4 c5 2. Nf3 e6 3. d4 cxd4 4. Nxd4 Nc6 5. Nc3 Qc7 6. Be3 a6 7. Qf3 Nf6 8.
O-O-O Ne5 9. Qg3 b5 10. a3 Bb7 11. Bxb5 Rc8 12. Ba4 Nxe4 13. Nxe4 Bxe4 14. Bf4
Qa5 15. Bxe5 Qxa4 16. Rd2 f6 17. Bd6 Kf7 18. Re1 Bg6 19. Bxf8 Rhxf8 20. Qd6
Rfd8 21. f4 Qa5 22. g4 Qc7 23. Nxe6 dxe6 24. Qxc7+ Rxc7 25. Rxd8 Rxc2+ 26. Kd1
Rxb2 27. Rd7+ Kf8 28. Rxe6 Rxh2 29. Rxa6 Be4 30. Rb6 Bf3+ 31. Kc1 Re2 32. Rb8+
Re8 33. Rxe8+ Kxe8 34. Rxg7 h5 35. gxh5 Bxh5 36. a4 Kd8 37. a5 Kc8 38. a6 Kb8
39. Kd2 1-0

[Event "Lindores Abbey Tal Blitz 2021"]
[Site "Riga"]
[Date "2021.11.08"]
[Round "2.40"]
[White "Maltsevskaya, Aleksandra"]
[Black "Anton Guijarro, David"]
[Result "1-0"]
[WhiteElo "2411"]
[BlackElo "2669"]
[Annotator "ChessBase"]
[PlyCount "73"]
[EventDate "2021.11.02"]
[EventType "swiss"]
[EventCountry "LAT"]
[SourceTitle "playchess.com"]
[Source "ChessBase"]
[SourceQuality "1"]

1. e4 c6 2. Nf3 d5 3. Nc3 Bg4 4. h3 Bxf3 5. Qxf3 e6 6. g3 h5 7. Bg2 h4 8. O-O
d4 9. Ne2 c5 10. gxh4 Nc6 11. Ng3 Qxh4 12. a3 Nge7 13. Qb3 Rb8 14. f4 c4 15.
Qf3 d3 16. c3 Ng6 17. b4 cxb3 18. a4 Bc5+ 19. Kh1 Rd8 20. a5 Qh6 21. a6 Nh4 22.
Qg4 b6 23. e5 Nxg2 24. Kxg2 g6 25. Ba3 Qh4 26. Bxc5 bxc5 27. Ne4 c4 28. Nd6+
Rxd6 29. exd6 Qxg4+ 30. hxg4 Kd7 31. Ra4 Kxd6 32. Rxc4 Rb8 33. Rb1 Rb5 34. Kf2
Na5 35. Rb4 Kc5 36. Ra4 Nc4 37. Rd1 1-0

[Event "Lindores Abbey Tal Blitz 2021"]
[Site "Riga"]
[Date "2021.11.08"]
[Round "2.41"]
[White "Chigaev, Maksim"]
[Black "Girya, Olga"]
[Result "1-0"]
[WhiteElo "2626"]
[BlackElo "2402"]
[Annotator "ChessBase"]
[PlyCount "105"]
[EventDate "2021.11.02"]
[EventType "swiss"]
[EventCountry "LAT"]
[SourceTitle "playchess.com"]
[Source "ChessBase"]
[SourceQuality "1"]

1. c4 e6 2. g3 Nf6 3. Bg2 d5 4. Nf3 Be7 5. O-O O-O 6. d3 b6 7. cxd5 Nxd5 8. e4
Nf6 9. Re1 Bb7 10. Nc3 c5 11. d4 Nc6 12. Be3 cxd4 13. Nxd4 Nxd4 14. Bxd4 Nd7
15. e5 Bxg2 16. Kxg2 Qb8 17. Qf3 Rd8 18. Rad1 Bc5 19. Nb5 a6 20. Nd6 Bxd6 21.
exd6 Nf8 22. h4 Ra7 23. h5 h6 24. Qg4 f5 25. Qf3 Rf7 26. Be5 Nd7 27. Bf4 e5 28.
Bxe5 Nxe5 29. Rxe5 Rxd6 30. Rxd6 Qxd6 31. Rxf5 Rxf5 32. Qxf5 a5 33. b3 Qd4 34.
a4 Qd6 35. Qe4 Kh8 36. g4 Qd8 37. Kg3 Qd6+ 38. f4 Qd8 39. Qg6 Qd4 40. Qe8+ Kh7
41. Qg6+ Kh8 42. Qc2 Qg1+ 43. Kf3 Qh1+ 44. Ke3 Qg1+ 45. Kf3 Qh1+ 46. Kg3 Qg1+
47. Qg2 Qe3+ 48. Qf3 Qg1+ 49. Kh3 Qb1 50. f5 Qb2 51. Qd3 Qf6 52. Qe3 Kh7 53.
Kg3 1-0

[Event "Lindores Abbey Tal Blitz 2021"]
[Site "Riga"]
[Date "2021.11.08"]
[Round "2.42"]
[White "Zhu, Jiner"]
[Black "Volokitin, Andrei"]
[Result "0-1"]
[WhiteElo "2455"]
[BlackElo "2656"]
[Annotator "ChessBase"]
[PlyCount "53"]
[EventDate "2021.11.02"]
[EventType "swiss"]
[EventCountry "LAT"]
[SourceTitle "playchess.com"]
[Source "ChessBase"]
[SourceQuality "1"]

1. e4 c5 2. Nf3 e6 3. d4 cxd4 4. Nxd4 Nc6 5. Nc3 Qc7 6. g3 a6 7. Bg2 Nf6 8. O-O
Nxd4 9. Qxd4 Bc5 10. Bf4 d6 11. Qd2 h6 12. Rad1 e5 13. Be3 Bxe3 14. fxe3 Be6
15. Qxd6 Rc8 16. a4 Qxd6 17. Rxd6 Nd7 18. Rfd1 Ke7 19. Kf2 Rxc3 20. bxc3 Rc8
21. R6d3 a5 22. Rb1 b6 23. Bf1 Rb8 24. Rd5 Bxd5 25. exd5 Nc5 26. Bb5 Ne4+ 27.
Kf3 0-1

[Event "Lindores Abbey Tal Blitz 2021"]
[Site "Riga"]
[Date "2021.11.08"]
[Round "2.43"]
[White "Deac, Bogdan-Daniel"]
[Black "Budisavljevic, Luka"]
[Result "1-0"]
[WhiteElo "2651"]
[BlackElo "2511"]
[Annotator "ChessBase"]
[PlyCount "30"]
[EventDate "2021.11.02"]
[EventType "swiss"]
[EventCountry "LAT"]
[SourceTitle "playchess.com"]
[Source "ChessBase"]
[SourceQuality "1"]

1. Nf3 Nf6 2. g3 d5 3. Bg2 Bg4 4. c4 e6 5. Qb3 Na6 6. Qxb7 Nb4 7. Qb5+ Qd7 8.
Qxd7+ Nxd7 9. Na3 Rb8 10. cxd5 exd5 11. O-O Bd6 12. h3 Bh5 13. d3 O-O 14. Be3
a6 15. Rfc1 Rfe8 1-0

[Event "Lindores Abbey Tal Blitz 2021"]
[Site "Riga"]
[Date "2021.11.08"]
[Round "2.44"]
[White "Divya Deshmukh"]
[Black "Oparin, Grigoriy"]
[Result "1-0"]
[WhiteElo "2310"]
[BlackElo "2659"]
[Annotator "ChessBase"]
[PlyCount "89"]
[EventDate "2021.11.02"]
[EventType "swiss"]
[EventCountry "LAT"]
[SourceTitle "playchess.com"]
[Source "ChessBase"]
[SourceQuality "1"]

1. e4 c5 2. Nf3 d6 3. d4 cxd4 4. Nxd4 Nf6 5. Nc3 Nc6 6. Bg5 e6 7. f4 h6 8. Bh4
Qb6 9. Bb5 Bd7 10. Bf2 Qa5 11. Qd2 a6 12. Bxc6 bxc6 13. O-O-O Qc7 14. e5 Nd5
15. Ne4 dxe5 16. fxe5 c5 17. Nf3 Rb8 18. c4 Nb4 19. a3 Nc6 20. Nxc5 Bxc5 21.
Bxc5 Na5 22. Bd6 Nb3+ 23. Kc2 Qxc4+ 24. Qc3 Qe4+ 25. Qd3 Qc6+ 26. Kb1 Rb7 27.
Nd4 Nxd4 28. Qxd4 Qb5 29. Rc1 f5 30. exf6 Qf5+ 31. Ka1 Qxf6 32. Be5 Qg6 33.
Bxg7 Rg8 34. Bf6 Qf5 35. Rhf1 Qd5 36. Qc3 Qb3 37. Qe5 Qd5 38. Qf4 Qf5 39. Qxh6
Qg6 40. Qe3 Qg4 41. Qc5 Kf7 42. Qe7+ Kg6 43. Be5 Qg5 44. Rf6+ Kh5 45. Qh7+ 1-0

[Event "Lindores Abbey Tal Blitz 2021"]
[Site "Riga"]
[Date "2021.11.08"]
[Round "2.45"]
[White "Onyshchuk, Volodymyr"]
[Black "Assaubayeva, Bibisara"]
[Result "1-0"]
[WhiteElo "2622"]
[BlackElo "2400"]
[Annotator "ChessBase"]
[PlyCount "95"]
[EventDate "2021.11.02"]
[EventType "swiss"]
[EventCountry "LAT"]
[SourceTitle "playchess.com"]
[Source "ChessBase"]
[SourceQuality "1"]

1. e4 c5 2. Nf3 d6 3. d4 cxd4 4. Nxd4 Nf6 5. Nc3 a6 6. a4 e5 7. Nf3 Be7 8. Bc4
Qc7 9. Qe2 h6 10. O-O O-O 11. Rd1 Be6 12. Bb3 Nbd7 13. Be3 Ng4 14. Nd5 Bxd5 15.
Rxd5 Nxe3 16. Qxe3 Nf6 17. Rd3 b5 18. Nd2 Rfb8 19. Qf3 Bf8 20. Nf1 Qc6 21. Ng3
bxa4 22. Bxa4 Qc8 23. Bb3 a5 24. Nh5 Qd8 25. Nxf6+ Qxf6 26. Qxf6 gxf6 27. g3 a4
28. Bd5 Ra5 29. Ra2 Rb4 30. Kg2 Be7 31. g4 Rab5 32. b3 axb3 33. cxb3 h5 34.
gxh5 f5 35. Bc4 Rb8 36. exf5 Kg7 37. Ra7 Kf6 38. h6 Rh8 39. Rh3 Rbb8 40. h7
Rbc8 41. Kf1 Rc5 42. Rd7 d5 43. Rxd5 Rxd5 44. Bxd5 Kxf5 45. Bxf7 Kg4 46. Be6+
Kg5 47. Bg8 Kg6 48. Rd3 1-0

[Event "Lindores Abbey Tal Blitz 2021"]
[Site "Riga"]
[Date "2021.11.08"]
[Round "2.46"]
[White "Atalik, Ekaterina"]
[Black "Maghsoodloo, Parham"]
[Result "0-1"]
[WhiteElo "2430"]
[BlackElo "2706"]
[Annotator "TA"]
[PlyCount "74"]
[EventDate "2021.11.02"]
[EventType "swiss"]
[EventCountry "LAT"]
[SourceTitle "playchess.com"]
[Source "ChessBase"]
[SourceQuality "1"]

1. Nf3 d5 2. e3 Nf6 3. c4 e6 4. b3 Nbd7 5. Bb2 b6 6. Nc3 Bb7 7. Be2 a6 8. O-O
Bd6 9. cxd5 exd5 10. Qc2 O-O 11. Nd4 Re8 12. Nf5 Bf8 13. f4 c5 14. Bf3 g6 15.
Ng3 Bg7 16. Nd1 Rc8 17. Nf2 Qc7 18. Ng4 d4 19. Nxf6+ Nxf6 20. Bxb7 Qxb7 21.
exd4 h5 22. Rae1 h4 23. Ne2 Ne4 24. Qd3 cxd4 25. f5 g5 26. Nxd4 Qd5 27. Qe3 Bf6
28. d3 Nd6 29. Qf2 Qc5 30. Rc1 Qd5 31. Rxc8 Rxc8 32. Nf3 Bxb2 33. Qxb2 g4 34.
Nxh4 Qc5+ 35. Kh1 Qe3 36. Qf6 Rc1 37. Qd8+ Kh7 0-1

[Event "Lindores Abbey Tal Blitz 2021"]
[Site "Riga"]
[Date "2021.11.08"]
[Round "2.47"]
[White "Pichot, Alan"]
[Black "Bivol, Alina"]
[Result "1-0"]
[WhiteElo "2630"]
[BlackElo "2377"]
[Annotator "ChessBase"]
[PlyCount "88"]
[EventDate "2021.11.02"]
[EventType "swiss"]
[EventCountry "LAT"]
[SourceTitle "playchess.com"]
[Source "ChessBase"]
[SourceQuality "1"]

1. e4 e6 2. d4 d5 3. Nc3 Bb4 4. e5 c5 5. a3 Bxc3+ 6. bxc3 Nc6 7. Qg4 g6 8. h4
h6 9. Qf4 Bd7 10. Nf3 Qa5 11. Bd2 c4 12. a4 Rh7 13. Be2 O-O-O 14. g3 Nge7 15.
Kf1 Nf5 16. Kg2 Rf8 17. Nh2 g5 18. hxg5 hxg5 19. Qxg5 Rg7 20. Qf4 f6 21. exf6
Rxf6 22. Ng4 Nh4+ 23. Rxh4 Rxf4 24. Bxf4 b6 25. Ra3 b5 26. Ne5 b4 27. Nxc6 Bxc6
28. Rh8+ Kd7 29. cxb4 Qxb4 30. Rf3 Qe1 31. Be5 Re7 32. Rff8 Bxa4 33. Rc8 Qa5
34. Bf6 Bxc2 35. Bxe7 Kxe7 36. Bf3 Bf5 37. Rb8 Be4 38. Rb7+ Kd6 39. Bxe4 dxe4
40. Rhh7 c3 41. Rxa7 Qb4 42. Rhd7+ Kc6 43. Rdc7+ Kd6 44. Rc8 Qb6 1-0

[Event "Lindores Abbey Tal Blitz 2021"]
[Site "Riga"]
[Date "2021.11.08"]
[Round "2.48"]
[White "Zawadzka, Jolanta"]
[Black "Van Foreest, Jorden"]
[Result "0-1"]
[WhiteElo "2429"]
[BlackElo "2701"]
[Annotator "TA"]
[PlyCount "66"]
[EventDate "2021.11.02"]
[EventType "swiss"]
[EventCountry "LAT"]
[SourceTitle "playchess.com"]
[Source "ChessBase"]
[SourceQuality "1"]

1. e4 c5 2. Nf3 d6 3. Bb5+ Bd7 4. Bxd7+ Nxd7 5. O-O e6 6. Qe2 Ngf6 7. c3 Be7 8.
d4 O-O 9. e5 Nd5 10. dxc5 dxe5 11. Nxe5 Nxe5 12. Qxe5 Bxc5 13. Nd2 Bd6 14. Qe4
b5 15. Nf3 Qc7 16. h3 a5 17. Be3 a4 18. Rfd1 a3 19. Ng5 Nf6 20. Qc2 Be5 21.
Rac1 axb2 22. Qxb2 Qc4 23. Rc2 Nd5 24. Bd4 Bc7 25. Nf3 Rfd8 26. Nd2 Qd3 27.
Rcc1 Nf4 28. Nf3 Qg6 29. Ne1 Nxh3+ 30. Kf1 Nf4 31. Be3 Nd5 32. Qe2 Qf5 33. Rd4
Bb6 0-1

[Event "Lindores Abbey Tal Blitz 2021"]
[Site "Riga"]
[Date "2021.11.08"]
[Round "2.49"]
[White "Sargissian, Gabriel"]
[Black "Garifullina, Leya"]
[Result "1/2-1/2"]
[WhiteElo "2664"]
[BlackElo "2416"]
[Annotator "ChessBase"]
[PlyCount "115"]
[EventDate "2021.11.02"]
[EventType "swiss"]
[EventCountry "LAT"]
[SourceTitle "playchess.com"]
[Source "ChessBase"]
[SourceQuality "1"]

1. d4 Nf6 2. c4 e6 3. Nf3 d5 4. Nc3 c5 5. e3 Nc6 6. cxd5 Nxd5 7. Bd3 Be7 8. O-O
O-O 9. a3 cxd4 10. exd4 Nf6 11. Bc2 b6 12. Qd3 Bb7 13. Bg5 g6 14. Rfe1 Nh5 15.
Bh6 Re8 16. Rad1 Bf8 17. Qd2 Bg7 18. Bxg7 Kxg7 19. d5 exd5 20. Rxe8 Qxe8 21.
Nxd5 Rd8 22. Qc3+ Kg8 23. Ba4 Qe6 24. Qd2 Kg7 25. Qc3+ Nf6 26. Bb3 Na5 27.
Qxf6+ Qxf6 28. Nxf6 Rxd1+ 29. Bxd1 Kxf6 30. Nd2 Bd5 31. f4 Nc4 32. Nxc4 Bxc4
33. Kf2 Ke6 34. Ke3 Kd6 35. Kd4 Bd5 36. g4 f6 37. g5 fxg5 38. fxg5 Be6 39. h4
Bd5 40. h5 gxh5 41. Bxh5 Be6 42. Ke4 Bb3 43. Kf4 Bc2 44. Bg4 Ke7 45. Ke5 Bb1
46. Bf3 Kf7 47. Bh5+ Ke7 48. Kd5 Bd3 49. Kc6 b5 50. b4 Ke6 51. Kb7 Kf5 52. Kxa7
Kxg5 53. Bf3 h5 54. Bxh5 Kxh5 55. Kb6 Kg6 56. Ka5 Kf6 57. a4 bxa4 58. Kxa4
1/2-1/2

[Event "Lindores Abbey Tal Blitz 2021"]
[Site "Riga"]
[Date "2021.11.08"]
[Round "2.50"]
[White "Melia, Salome"]
[Black "Esipenko, Andrey"]
[Result "0-1"]
[WhiteElo "2371"]
[BlackElo "2713"]
[Annotator "TA"]
[PlyCount "72"]
[EventDate "2021.11.02"]
[EventType "swiss"]
[EventCountry "LAT"]
[SourceTitle "playchess.com"]
[Source "ChessBase"]
[SourceQuality "1"]

1. e4 e5 2. Nf3 Nc6 3. Bb5 Bc5 4. O-O d6 5. c3 a6 6. Bxc6+ bxc6 7. d4 exd4 8.
cxd4 Ba7 9. h3 Ne7 10. b3 O-O 11. Bb2 Ng6 12. Nc3 Re8 13. Qc2 Bd7 14. Ne2 a5
15. Rfe1 Bb6 16. Ng3 a4 17. Bc3 axb3 18. Qxb3 Nf4 19. Bd2 Ne6 20. Qd3 Ra4 21.
Be3 c5 22. d5 Nd4 23. Nxd4 cxd4 24. Bd2 Qa8 25. a3 Bc5 26. Nh5 Rxa3 27. Rxa3
Qxa3 28. Qxa3 Bxa3 29. Ba5 c6 30. dxc6 Bxc6 31. f3 Ra8 32. Bd2 Bc5 33. Kh2 f6
34. Ng3 Kf7 35. Rd1 Ra2 36. Bc1 Ra3 0-1

[Event "Lindores Abbey Tal Blitz 2021"]
[Site "Riga"]
[Date "2021.11.08"]
[Round "2.51"]
[White "Kuzubov, Yuriy"]
[Black "Padmini, Rout"]
[Result "0-1"]
[WhiteElo "2637"]
[BlackElo "2353"]
[Annotator "ChessBase"]
[PlyCount "31"]
[EventDate "2021.11.02"]
[EventType "swiss"]
[EventCountry "LAT"]
[SourceTitle "playchess.com"]
[Source "ChessBase"]
[SourceQuality "1"]

1. d4 Nf6 2. Nf3 g6 3. Nbd2 d5 4. b4 Bg7 5. Bb2 O-O 6. e3 Bg4 7. Be2 c6 8. c4
Nbd7 9. O-O Bxf3 10. Nxf3 Ne4 11. Qc2 e6 12. Ne5 Qc7 13. f3 Nd6 14. f4 f6 15.
Nf3 Ne4 16. Bd3 0-1

[Event "Lindores Abbey Tal Blitz 2021"]
[Site "Riga"]
[Date "2021.11.08"]
[Round "2.52"]
[White "Socko, Monika"]
[Black "Niemann, Hans Moke"]
[Result "0-1"]
[WhiteElo "2393"]
[BlackElo "2635"]
[Annotator "ChessBase"]
[PlyCount "33"]
[EventDate "2021.11.02"]
[EventType "swiss"]
[EventCountry "LAT"]
[SourceTitle "playchess.com"]
[Source "ChessBase"]
[SourceQuality "1"]

1. d4 Nf6 2. c4 g6 3. Nc3 Bg7 4. e4 d6 5. Bd3 O-O 6. Nge2 c5 7. d5 e6 8. h3
Nbd7 9. O-O Ne5 10. b3 exd5 11. exd5 Nxd3 12. Qxd3 Bf5 13. Qf3 Nd7 14. Bf4 Ne5
15. Qg3 Re8 16. Bg5 Qa5 17. Rad1 0-1

[Event "Lindores Abbey Tal Blitz 2021"]
[Site "Riga"]
[Date "2021.11.08"]
[Round "2.53"]
[White "Demchenko, Anton"]
[Black "Arakhamia-Grant, Ketevan"]
[Result "1-0"]
[WhiteElo "2655"]
[BlackElo "2362"]
[Annotator "ChessBase"]
[PlyCount "65"]
[EventDate "2021.11.02"]
[EventType "swiss"]
[EventCountry "LAT"]
[SourceTitle "playchess.com"]
[Source "ChessBase"]
[SourceQuality "1"]

1. e4 c5 2. Nf3 Nc6 3. Bb5 e6 4. O-O Nge7 5. Re1 a6 6. Bf1 d6 7. c3 Ng6 8. d4
Be7 9. g3 O-O 10. h4 Re8 11. h5 Nf8 12. h6 Ng6 13. Bg2 b5 14. Be3 Bb7 15. hxg7
cxd4 16. cxd4 Bf6 17. Nc3 Bxg7 18. Nh2 Kh8 19. Rc1 Nce7 20. Qh5 Qd7 21. Nf3 Ng8
22. Qh3 Nf6 23. e5 Ng8 24. Rcd1 Bxf3 25. Bxf3 Rac8 26. exd6 Qxd6 27. d5 e5 28.
Ne4 Qf8 29. d6 Red8 30. Bb6 f5 31. Ng5 Nf6 32. Ne6 Qf7 33. Nxd8 1-0

[Event "Lindores Abbey Tal Blitz 2021"]
[Site "Riga"]
[Date "2021.11.08"]
[Round "2.54"]
[White "Buksa, Nataliya"]
[Black "Henriquez Villagra, Cristobal"]
[Result "1-0"]
[WhiteElo "2410"]
[BlackElo "2608"]
[Annotator "ChessBase"]
[PlyCount "121"]
[EventDate "2021.11.02"]
[EventType "swiss"]
[EventCountry "LAT"]
[SourceTitle "playchess.com"]
[Source "ChessBase"]
[SourceQuality "1"]

1. d4 Nf6 2. Nc3 d5 3. Bf4 c6 4. e3 Bf5 5. Nf3 e6 6. Ne5 h5 7. f3 h4 8. Bd3
Nbd7 9. Qe2 Nxe5 10. Bxe5 Bxd3 11. Qxd3 Nd7 12. h3 Nxe5 13. dxe5 Qg5 14. O-O-O
Qxe5 15. e4 Bb4 16. exd5 Bxc3 17. bxc3 O-O-O 18. d6 Rd7 19. Qd4 Qxd4 20. Rxd4
c5 21. Ra4 b6 22. Rd1 Kb7 23. Rg4 g6 24. Re1 Rh7 25. Rd1 Kc6 26. Ra4 a5 27. Re4
Rxd6 28. Rxd6+ Kxd6 29. a4 Rh5 30. Kb2 Rg5 31. Re2 c4 32. Re4 Kc5 33. Rxh4 Rxg2
34. Rh7 f5 35. Rc7+ Kd5 36. Rb7 e5 37. Rxb6 Rg1 38. Rb5+ Kd6 39. Rxa5 e4 40.
fxe4 fxe4 41. Ra8 Kd7 42. Ra7+ Ke8 43. Ra5 Re1 44. Rc5 e3 45. Rxc4 e2 46. Re4+
Kd7 47. c4 Kc6 48. Kc3 Kc5 49. Re5+ Kd6 50. Re8 Kc5 51. Re5+ Kd6 52. Rd5+ Kc6
53. Kd2 Rh1 54. Kxe2 Rxh3 55. Rg5 Rc3 56. Rxg6+ Kc5 57. a5 Ra3 58. a6 Kxc4 59.
Kd2 Kd4 60. Kc1 Kc3 61. Rg3+ 1-0